Seis calas en la expresión literaria española
Uloženo v:
| Hlavní autor: | |
|---|---|
| Médium: | Kniha |
| Jazyk: | Undetermined |
| Vydáno: |
Madrid, España
Gredos
1979
|
| Témata: | |
| Tagy: |
Přidat tag
Žádné tagy, Buďte první, kdo vytvoří štítek k tomuto záznamu!
|
MARC
| LEADER | 00000nam a2200000Ia 4500 | ||
|---|---|---|---|
| 008 | 170316s9999 xx 000 0 und d | ||
| 090 | |a 801 A-16s | ||
| 100 | |a Alonso, Dámaso | ||
| 245 | |a Seis calas en la expresión literaria española | ||
| 260 | |a Madrid, España | ||
| 260 | |b Gredos | ||
| 260 | |c 1979 | ||
| 300 | |a 446 páginas | ||
| 650 | |a TEORÍA LITERARIA | ||
| 650 | |a LITERATURA ESPAÑOLA | ||
| 650 | |a ESTILÍSTICA | ||
| 650 | |a CORRELACIÓN LITERARIA | ||
| 999 | |c 20001 |d 20001 | ||
| 040 | |a cru BVZT | ||
| 942 | |c 15 D |h 801 A-16s |2 z | ||
